Harry Potter Quiz - Statistics

General Stats
  • This quiz has been taken 3,481 times
    3,470 since last reset
  • The average score is 12 of 15
Answer Stats
Hint Answer % Correct
Who was the author of the Harry Potter series? J. K. Rowling
98%
What relation was Sirius Black to Harry Potter? Godfather
96%
What is Voldemort's snake's name? Nagini
95%
Who was in disguise as Rons's rat, Scabbers? Peter Petigrew
94%
What is Padfoot's real name? Sirius Black
91%
Who dies in the end of the 4th book? Cedric Diggory
90%
What is Prong's actual name? James Potter
89%
What is Moonie's actual name? Remus Lupin
87%
In the 7th book, who cast the silver doe? Severus Snape
85%
What day is it when Hagrid visits Harry Potter for the first time? July 31st (Harry's 11th Birthday)
79%
How does Harry Potter get to own the elder wand? He disarms Draco Malfoy.
70%
How do you get to platform 9 3/4? Walk through a wall between platforms 9 and 10.
59%
What is Dumbledore's full name? Albus Percival Wulfric Brian Dumbledore
58%
What type of car do the Weasley's have? Ford Anglia
56%
What dragon did Victor Krum defeat? Chinese Fireball
45%
No matching quizzes found
Score Distribution
Percent of People with Each Score
Percentile by Number Answered
Your Score History
You have not taken this quiz since the last reset